Quizzes
Events
Quiz Creation
Community
Videos
Private Events
Remove Ads
Sign In
Join for FREE
Feedback
Dark Mode
Quiz Categories
Sports
Geography
Music
Movies
Television
Just For Fun
Miscellaneous
History
Literature
Language
Science
Gaming
Entertainment
Religion
Holiday
For Kids
Quiz Lab
Recent
Popular Today
Quiz Kudos Today
Editor Picks
Curator Picks
Quizzes by...
Day
Popularity
Type
Ratings
Length
Year
Community
Subscriptions
Recent Discussions
Orange Saloon
Badges
Playlists
Quests
Create
Leaderboards
Showdown
Live 5
Trivia Bingo
Activity
Puzzle Library
Sporcle Events
Private Events
Virtual Trivia
Globe League
Become a Host
Pub Owners
SporcleCon
Opinionation
Our Games
Videos
Blog
Mobile Apps
Partnerships
Remove Ads and Go Orange
Feedback
Sports
Athletes
MLB
NBA
NHL
NFL
Soccer
Sports Teams
WWE
NCAA
Football
Premier League
Basketball
Baseball
Hockey
Golf
Tennis
Cricket
Rugby
Auto Racing
Olympics
World Cup
Sports
Athletes
MLB
NBA
NHL
NFL
Soccer
Sports Teams
WWE
NCAA
Football
Premier League
Basketball
Baseball
Hockey
Golf
Tennis
Cricket
Rugby
Auto Racing
Olympics
World Cup
Random Quiz
Search Sporcle
×
Quiz Lab
Quiz Lab
Sports
Seed
Type in answers that appear in a list
Type in answers that appear in a list
Classic
Best Score? Go Orange.
BYOM Playoff Seedings Stats
Can you name the BYOM Playoff Seedings?
By
jkalny29
6m
64 Questions
4 Plays
4 Plays
4 Plays
Comments
Comments
Give Quiz Kudos
Give Quiz Kudos
-
- Ratings
hide this ad
Forced Order
Answers have to be entered in order
Answers have to be entered in order
Replay
Link that replays current quiz
Next Quiz
Link to next quiz in quiz playlist
You Got
0%
They Got
Avg Score
39%
Avg Friend Score
Upgrade to see
Score Distribution
Jump to the score distribution portion of the page
Score
0/64
Timer
06:00
0
Plays Today
Year
Owner
% Correct
2002
Mitch Fourrier
100%
2002
Trey Kalny
100%
2002
David Harding
100%
2002
Ryan Hall
100%
2002
Colter Kazmann
100%
2002
Ryan Zamorano
100%
2002
Ben Boone
100%
2002
Emily Moravec
75%
2009
Trey Kalny
75%
2003
Ryan Hall
50%
2003
Ryan Zamorano
50%
2003
David Raposa
50%
2003
Chad Callaway
50%
2008
Ryan Zamorano
50%
2009
Chad Callaway
50%
2009
Chris Musquiz
50%
2009
David Raposa
50%
2009
Ryan Zamorano
50%
2009
Ryan Hall
50%
2009
Colter Kazmann
50%
2009
Wayne Wiley
50%
2003
John Watson
25%
2003
Colter Kazmann
25%
2003
Mitch Fourrier
25%
2003
Ben Boone
25%
2004
Ryan Zamorano
25%
2004
Ryan Hall
25%
2004
Emily Moravec
25%
2004
Colter Kazmann
25%
2004
David Raposa
25%
2004
Mitch Fourrier
25%
2004
Trey Kalny
25%
Year
Owner
% Correct
2004
Chad Callaway
25%
2005
Trey Kalny
25%
2005
Colter Kazmann
25%
2005
Ryan Hall
25%
2005
Colin Shaw
25%
2005
Mitch Fourrier
25%
2005
David Raposa
25%
2005
Chris Musquiz
25%
2005
John Watson
25%
2006
Chris Musquiz
25%
2006
Ryan Frakes
25%
2006
Ryan Hall
25%
2006
Colter Kazmann
25%
2006
Ryan Zamorano
25%
2006
Trey Kalny
25%
2006
David Raposa
25%
2006
Emily Moravec
25%
2007
Mitch Fourrier
25%
2007
David Raposa
25%
2007
Ryan Zamorano
25%
2007
Colter Kazmann
25%
2007
Chris Musquiz
25%
2007
Emily Moravec
25%
2007
Ben Boone
25%
2007
David Harding
25%
2008
Chris Musquiz
25%
2008
Ryan Hall
25%
2008
Emily Moravec
25%
2008
Trey Kalny
25%
2008
Colter Kazmann
25%
2008
David Raposa
25%
2008
David Harding
25%
Quiz Playlist
Details
Report
Send in Message
Add To Playlist
Classic:
Type in answers that appear in a list
Forced Order:
Answers have to be entered in order
Last Updated: Feb 16, 2017
Quiz Scoreboard
CHALLENGE
Sign Up to Join the Scoreboard
Show All
Scores
Hide
Comments
May contain spoilers
Recently Published
An Introduction to Baseball
by treessimontrees
Sports
5m
Movies - When Are They Set?
by FPL_Elf
Movies
5m
Popular People in 1961
by mucciniale
History
6m
More to Explore
Quiz From the Vault
Featured Blog Post
Where Did the Easter Bunny Come From?
hide this ad
You Might Also Like...
Tags
Owner
Playoff
Seed
Seeing
Today's Top Quizzes in Sports
Browse Sports
hide this ad
Today's Top Quizzes in Seed
Browse Seed
Top Contributed Quizzes in Sports
1
Les meilleurs buteurs des matchs entre le PSG et l’OM
2
2022 World Cup Stars
3
FIFA Club World Cup Champions
4
Les entraîneurs de l'OM et du PSG au 21e siècle
5
Name the Premier League winners with different clubs
6
La finale Lions - Afrique du Sud 2021
7
Criteria MLB: Left Handed Sluggers
8
Les joueurs passés par le LOSC et le RC Lens
9
Players with Multiple 50 Home Run Seasons
10
MLB Players with Two .350 Batting Average Seasons
Explore More
Trending Topics
Harry Potter
Anime
Crossword
Disney
Kpop
Marvel
NBA
Soccer
Country
Puzzle
NFL
Song
Pokémon
The Office
WWE
hide this ad
More By:
jkalny29
Quiz
Plays
Rating
Category
Featured
Created
Top 199 Scorers in BYOM 2009
15
Sports
Nov 5, 2010
BYOM First Round Draft Picks
13
5.00
Sports
Nov 4, 2010
BYOM Playoff Seedings
4
Sports
Nov 4, 2010
Go to Creator's Profile
Score Distribution
Quiz Creator Spotlight
jkalny29
Follow
Send a Message
Quizzes Created
-
Created Quiz Play Count
-
More By This Creator
Popular Quizzes Today
1
Find the Countries of Europe - No Outlines Minefield
2
Find the US States - No Outlines Minefield
3
The Countries of the World
4
Popular People in 1961
5
US States
6
1-10 Letter E Words III
7
Find the US States
8
One Thing in Common: World Cities II
More Sports Quizzes
NHL Goalies: Boston, Montreal, or Both?
Quiz Lab
Trending Quizzes
Risky Map Clicking: Least Populous States A-Z
1-10 Letter F Words
1-10 Letter G Words
One Thing in Common: United Kingdom
Risky Map Clicking: Next State Alphabetically
Recently Updated
Leaping Animals
pecheneg
Reality TV Shows (A-Z)
bhenderson79
Rickey Henderson's Hall of Fame Teammates
pecheneg
Champions League XIs: Arsenal
pecheneg
Quick Pick: Celebrities in WWE's Hall of Fame
aduchscher
A-Z Keypad Blitz II
pecheneg
Multiple Oscar Actors
pecheneg
Mystery Phrase Blitz: Oscar 'Best Actors'
pecheneg
F. Scott Fitzgerald Novels
LTH
Pick 3 Villains
ddd62291
Trending Topics
Harry Potter
Kpop
Marvel
Crossword
NBA
Disney
Anime
Pokémon
Country
Puzzle
The Office
Song
WWE
NFL
Soccer
Your Account Isn't Verified!
In order to create a playlist on Sporcle, you need to verify the email address you used during registration. Go to your
Sporcle Settings
to finish the process.
Report this User
Report this user for behavior that violates our
Community Guidelines
.
Details:
Send Report
Go to the Sporcle.com Mobile Site →
Comments